|
|
|
|
| LEADER |
00766cam a2200205 7i4500 |
| 001 |
0000085494 |
| 005 |
20250310090000.0 |
| 020 |
|
|
|a 9678915979
|
| 090 |
0 |
0 |
|a KPG14.L3
|b .H57 2009
|
| 110 |
1 |
|
|a Malaysia
|
| 245 |
1 |
0 |
|a Hire-Purchase Act 1967 (Act 212) & regulations and guidelines :
|b as at 20th March 2009
|c compiled by Legal Research Board.
|
| 264 |
|
|
|a Petaling Jaya, Selangor:
|b International Law Book Services,
|c 2009.
|
| 300 |
|
|
|a 84 pages:
|b illustrations;
|c 24 cm.
|
| 336 |
|
|
|a text
|2 rdacontent
|
| 337 |
|
|
|a unmediated
|2 rdamedia
|
| 338 |
|
|
|a volume
|2 rdacarrier
|
| 650 |
|
0 |
|a Industrial equipment leases --
|z Malaysia
|
| 710 |
1 |
|
|a Legal Research Board
|
| 997 |
|
|
|a Education & Social Sciences, Faculty
|
| 999 |
|
|
|a 0000061803
|b BOK
|c OPEN SHELF
|e 1st Floor, Shah Alam
|